000 00316nam a22001337a 4500
008 171023b xxu||||| |||| 00| 0 eng d
020 _a9780803990067
041 _aeng
080 _a311
100 _a55
101 _aSTA
245 _aEXPERIMENTAL DESIGN AND THE ANALYSIS OF VARIANCE
_cLEIK,R.K
942 _2udc
_cBK
999 _c35555
_d35555